000 00725nam a22002417a 4500
005 20170124105956.0
010 _aA-542074
020 _c00.00
035 _aA-542074
037 _bCen Lib/Ret
040 _aDPL
_bEN
082 _a230.22
_bDEB
100 _aDebroy, Dipavali
_986816
245 _aThe markandeya purana /
_bby Dipavali Debroy [and] Bibek Debroy
260 _aDelhi
_bBooks For All
270 _aC-2/9, 3rd Floor, Community Centre, Ashok Vihar, Phase-II
_bNew Delhi
_e110034
300 _a120p.
_c17cm(Hb)
490 _aGreat Epics of India : Purana 7
650 _aHinduism
_986817
650 _aPuranas
_986818
700 _aDebroy, Bibek
_986819
942 _2ddc
_cEN
_h230.22
_mDEB
999 _c125510
_d125510